Statistics for 2024 Dubai (DXB) Airport Destinations

Click here to take the quiz!

General Stats

  • This quiz has been taken 59 times
  • The average score is 149 of 244

Answer Stats

HintAnswer% Correct
EmiratesSydney
98%
Emirates, Air ChinaBeijing
96%
EmiratesLondon/Gatwick
96%
Virgin Atlantic, Emirates, British Airways, Royal
Brunei Airlines
London/Heathrow
96%
EmiratesLondon/Stansted
96%
EmiratesLos Angeles
96%
EmiratesNew York
96%
Emirates, Air FranceParis/Charles de Gaulle
96%
TransaviaParis/Orly
96%
China Eastern Airlines, EmiratesShanghai
96%
Emirates, FlyDubai, LOT PolishWarsaw
96%
Biman Bangladesh Airlines,
Fly Dubai, Emirates, US-Bangla Airlines
Dhaka
93%
FlyDubai, Qatar AirwaysDoha
91%
Emirates, FlyDubai, Turkish AirlinesIstanbul
91%
EmiratesIstanbul/Atatürk
91%
FlyDubai, Turkish Airlines, Pegasus AirlinesIstanbul/Sabiha Gökçen
91%
EmiratesMadrid
91%
EmiratesMoscow/Domodedovo
91%
AeroflotMoscow/Sheremetyevo
91%
FlyDubaiMoscow/Vnukovo
91%
Air India, SpiceJet, EmiratesMumbai
91%
Emirates, Korean AirSeoul
91%
Singapore Airlines, EmiratesSingapore
91%
Emirates, KLMAmsterdam
89%
Emirates, Aegean Airlines, TransaviaAthens
89%
EmiratesAuckland
89%
EmiratesBarcelona
89%
EurowingsBerlin
89%
Egypt Air, EmiratesCairo
89%
Corendon Airlines, Air India, IndiGo,
Emirates
Delhi
89%
Emirates, AirBlue, Serene Air, Pakistan International
Airlines
Islamabad
89%
Emirates, FlyDubai, Jazeera Airways, Kuwait AirwaysKuwait City
89%
Philippine Airlines, Emirates,
Cebu Pacific
Manila
89%
EmiratesMelbourne
89%
EmiratesMiami
89%
EmiratesOslo
89%
FlyDubai, SAUDIA, Flyadeal, EmiratesRiyadh
89%
El Al, ISRAIR, Arkia, FlyDubaiTel Aviv
89%
EmiratesTokyo/Heneda
89%
EmiratesTokyo/Narita
89%
Emirates, SWISSZurich
89%
Emirates, FlyDubai, Iraqi Airways, Fly Baghdad,
UR Airlines
Baghdad
87%
FlyDubaiBudapest
87%
EmiratesChicago
87%
EmiratesDublin
87%
Emirates, LufthansaFrankfurt
87%
FlyDubai, SAUDIA, Flynas, EmiratesJeddah
87%
EmiratesJohannesburg
87%
Emirates, LufthansaMunich
87%
EmiratesStockholm
87%
FlyDubai, Emirates, Mahan Air, Iran AirtourTehran
87%
Emirates, FlyDubai, Royal Jordanian AirlinesAmman
84%
Azerbaijan Airlines, FlyDubaiBaku
84%
EmiratesBangkok/Suvarnabhumi
84%
China Southern Airlines, EmiratesGuangzhou
84%
EmiratesHanoi
84%
FinnairHelsinki
84%
EmiratesHo Chi Minh City
84%
Emirates, Cathay PacificHong Kong
84%
EmiratesHouston
84%
Batik Air, EmiratesKuala Lumpur
84%
Transavia, EmiratesLyon
84%
Kenya Airways, EmiratesNairobi
84%
EmiratesOsaka
84%
EmiratesRome
84%
FlyDubaiSt Petersburg
84%
Emirates, Air CanadaToronto
84%
Emirates, Wizz AirVienna
84%
EmiratesBoston
82%
EmiratesBrussels
82%
FlyDubai, Wizz AirBucharest
82%
EmiratesJakarta
82%
EmiratesLisbon
82%
EmiratesMontreal
82%
FlyDubai, EmiratesMuscat
82%
EmiratesPerth
82%
EmiratesSan Francisco
82%
EmiratesCape Town
80%
Royal Air Maroc, EmiratesCasablanca
80%
EmiratesDar es Salaam
80%
EmiratesHamburg
80%
EmiratesManchester
80%
EmiratesMilan
80%
EmiratesAdelaide
78%
FlyDubai, Turkish AirlinesAnkara
78%
Air Astana, FlyDubaiAstana
78%
EmiratesBrisbane
78%
EmiratesCopenhagen
78%
EmiratesGeneva
78%
TransaviaMarseille
78%
Emirates, FlyDubai, SmartwingsPrague
78%
airBalticRiga
78%
EmiratesRio de Janeiro
78%
EmiratesSao Paulo
78%
EmiratesSeattle
78%
EmiratesTaipei
78%
Air CanadaVancouver
78%
EmiratesWashington D.C
78%
EmiratesBirmingham
76%
Fits Air, Emirates, SriLankan Airlines,
FlyDubai
Colombo
76%
EmiratesDallas/Fort Worth
76%
Emirates, FlyDubai, ArBlue, Pakistan International
Airlines
Karachi
76%
Himalaya Airlines, FlyDubai, Nepal AirlinesKathmandu
76%
EmiratesNice
76%
FlyDubaiTbilisi
76%
Ethiopian Airlines, Emirates, FlyDubaiAddis Ababa
73%
Emirates, Air AlgerieAlgiers
73%
Sun Express, Pegasus AirlinesAntalya
73%
Syrian AirDamascus
73%
EmiratesOrlando
73%
FlyDubaiSofia
73%
airBalticVilnius
73%
Air Astana, FlyDubaiAlmaty
71%
Emirates, Middle East Airlines, FlyDubaiBeirut
71%
EmiratesDusseldorf
71%
Sun ExpressIzmir
71%
FlyDubaiKrakow
71%
Serene Air, Emirates.Lahore
71%
Uzbekistan Airways, FlyDubaiTashkent
71%
EmiratesTunis
71%
EmiratesAccra
69%
FlyDubai, Turkmenistan AirlinesAshgabat
69%
Royal Brunei AirlinesBandar Seri Begawan/Brunei
69%
Emirates, IndiGoBengaluru
69%
Sichuan AirlinesChengdu
69%
Air India, Emirates, FlyDubai, IndiGoHyderabad
69%
Emirates, FlyDubai, SAUDIA, FlynasMedina
69%
China Southern AirlinesWuhan
69%
China EasternXi'an
69%
FlyDubaiYerevan
69%
FlyDubaiZagreb
69%
Air India, Emirates, FlyDubai, IndiGoChennai
67%
EmiratesGlasgow
67%
Emirates, FlyDubaiKolkata
67%
Emirates, FlyDubaiManama/Bahrain
67%
FlyDubaiNaples
67%
EmiratesDenpasar/Bali
64%
FlyDubaiTirana
64%
FlyDubaiAlexandria
62%
Air ChinaChongqing
62%
Emirates, FlyDubai, FlynasDammam
62%
Uganda Airlines, Emirates, FlyDubaiEntebbe/Kampala
62%
EmiratesVenice
62%
FlyDubaiBelgrade
60%
EmiratesLuanda
60%
UnitedNewark
60%
SpiceJet, Emirates, FlyDubai, IndGoAhmedabad
58%
FlyDubaiBishkek
58%
EmiratesDurban
58%
FlyDubai, UR Airlines, Iraqi AirwaysErbil
58%
FlyDubaiLar
58%
Emirates, Cyprus Airways, TUS AirLarnaca
58%
FlyDubai, BelaviaMinsk
58%
FlyDubaiMogadishu
58%
EmiratesPhuket
58%
EmiratesToulouse
58%
RwandairKigali
56%
FlyDubai, EmiratesMale
56%
FlyDubaiSarajevo
56%
China Southern AirlinesShenzhen
56%
SwartwingsBratislava
53%
Somon Air, FlyDubaiDushanbe
53%
Kenya Airways, FlyDubaiMombasa
53%
EurowingsStuttgart
53%
EmiratesCebu
51%
Air IndiaGoa
51%
Air ChinaHangzhou
51%
FlyDuaiIsfahan
49%
EmiratesPort Louis/Mauritius
49%
FlyDubaiSalzburg
49%
Emirates, Iraqi Airways, FlyDubaiBasra
47%
FlyDubai, Biman Bangladesh
Airlines
Chattogram/Chittagong
47%
EmiratesChristchurch
47%
FlyDubaiLjubljana
47%
FlyDubaiDjibouti
44%
EmiratesLusaka
44%
FlyDubaiSamarkand
44%
FlyDubai, Iran AirShiraz
42%
FlyDubaiZanzibar
42%
FlyOneChisinau
40%
Corendon Airlines, IndiGo, Air India, Emirates,
FlyDubai
Kochi/Cochin
40%
EmiratesNewcastle
40%
Pakistan International Airlines, EmiratesPeshawar
40%
FlyDubaiKazan
38%
S7 Airlines, FlyDubaiNovosibirsk
38%
SpiceJetPune
38%
FlyDubaiAsmara
36%
EmiratesBologna
36%
Spice Jet, Air IndiaJaipur
36%
China Eastern AirlinesKunming
36%
Iran Airtour, FlyDubaiMashhad
36%
FlyDubaiYekaterinburg
36%
Air India, IndiGoSurat
33%
FlyDubaiCatania
31%
FlyDubaiJuba
31%
FlyDubai, Air IndiaLucknow
31%
FlyDubaiPenang
31%
FlyDubaiVolgograd
31%
China Eastern AirlinesQingdao
29%
FlyDubaiSamara
29%
Biman Bangladesh AirlinesSylhet
29%
Emirates, Air IndiaThiruvananthapuram/Trivandrum
29%
Sun ExpressTrabzon
29%
EmiratesVictoria
29%
SpiceJet, Air IndiaAmritsar
24%
FlyDubaiFaisalabad
24%
FlyDubaiKrabi
24%
FlyDubai, AirBlue, Pakistan International AirlinesMultan
24%
FlyDubaiPoznan
24%
FlyDubaiSalalah
24%
FlyDubaiUfa
24%
FlyDubaiGiza
22%
Air India, SpiceJet, FlyDubai, IndiGoKozhikode
22%
FlyDubaiNajaf
22%
Air AstanaAktau
20%
Pakistan International Airlines, FlyDubai,
Emirates
Sialkot
20%
EmiratesConakry
18%
SpiceJet, Corendon AirlinesMadurai
18%
Air India, IndiGoMangaluru/Mangalore
18%
Air AstanaAtyrau
16%
Daallo Airlines, FlyDubaiHargeisa
16%
FlyDubai, AzimuthMineralnye Vody
16%
FlyDubaiNEOM
16%
Air IndiaIndore
13%
FlyDubaiAbha
11%
FlyDubaiBandar Abbas
11%
Air IndiaChandigarh
11%
Tarco AviationPort Sudan
11%
FlyDubaiShymkent
11%
Air IndiaTiruchirappalli
11%
IndGoBhubaneswar
9%
Qeshm AirlinesQeshm Island
7%
FlyDubaiTaif
7%
Uzbekistan AirwaysFergana
4%
FlyDubaiJizan/Jazan
4%
Air IndiaKannur
4%
FlyDubaiNajran
4%
FlyDubaiPattaya City/Rayong
4%
Iraqi AirwaysSulaimaniyah
4%
FlyDubaiHail
2%
Somon AirKhujand
2%
FlyDubaiYanbu
2%
FlyDubaiHafar Al Batin
0%
FlyDubaiTabuk
0%

Score Distribution

Percentile by Number Answered

Percent of People with Each Score

Your Score History

You have not taken this quiz